Operations research <an> introduction to linear optimization and decision analysis

Gespeichert in:
Bibliographische Detailangaben
1. Verfasser: Harvey, Charles M.
Format: Buch
Sprache:Englisch
Veröffentlicht: New York North Holland 1979
Tags: Tag hinzufügen
Keine Tags, Fügen Sie das erste Tag hinzu!

MARC

LEADER 00000nam a2200000 4500
001 c140621
005 20041019155319.5
041 0 |a eng 
044 |a US 
245 1 0 |a Operations research  |b <an> introduction to linear optimization and decision analysis  |c Charles M. Harvey 
264 1 |a New York  |b North Holland  |c 1979 
300 |a 453 s. 
100 1 |a Harvey, Charles M.